Fire Type Pokémon Trivia - Statistics

General Stats
  • This quiz has been taken 25 times
  • The average score is 12 of 20
Answer Stats
Hint Answer % Correct
How many Fire type attacks are status moves 3 - Sunny Day, Will-o-Wisp, Burning Bulwark
94%
The only Generation not to introduce a Fire type specialist II
94%
The level Larvesta evolves into Volcarona 59
88%
The only type not to be paired with Fire Fairy
88%
When the move Extreme Speed was initially introduced, which Fire type was the only Pokémon able to learn it via level up Arcanine
81%
Fire was the last type to be paired with which other type? Water, Grass
81%
The Beta name for this Fire type in Red and Blue was Flamie Growlithe
75%
What other fully evolved starter Pokémon has exactly the same Base Stat distribution as Charizard Typhlosion
75%
The shortest Fire type starter Scorbunny
69%
The signature Ability of the Rolycoly evolution line Steam Engine
69%
Which Gym Leader awards the Heat Badge? Flannery
63%
According to the Pokédex, the hottest Pokémon are Magcargo and Camerupt, both of which can reach internal temperatures of 18,000 °F (10,000 °C). What Ability do they both share? Magma Armor
63%
The only Fire type move introduced in Gen VI Mystical Fire
63%
The only evolved form of a first partner Pokémon to have a lower base stat than its pre-evolved forms Incineroar - Base Speed is lower than Litten/Torracat
56%
The Team Star Fire type specialist Mela
56%
In Gen III what contest condition were all Fire type moves classified? Beautiful
44%
Fire type with the highest Base HP Entei
25%
Guess the move - Power:85 / Accuracy:90% / PP:10 (without PP ups) Blaze Kick
13%
The only Fire type to learn Blizzard via level up or TM/TR - (note: not including Zen Mode Galarian Darmanitan as it's not in Zen mode when it can actually learn the move) Alolan Marowak
6%
The Fire type tied with Litwick for lowest Base Attack Zen Mode Darmanitan
6%
No matching quizzes found
Score Distribution
Percent of People with Each Score
Percentile by Number Answered
Your Score History
You have not taken this quiz